LEADER 01051nam a2200241 i 4500 001 000000145137 003 CaOOAMICUS 005 20051117000000.0 008 051117s1959 it u000 u ita u 013 $a120529 040 $aSeMil$bita 100 1 $aVisser, Wouter Jacobus Antonius.$0(OLS)http://semarc/name/57895 240 10$aDe cultuur van ons westen.$0(OLS)http://semarc/title/212294 245 13$aLa cultura del nostro occidente /$cdel Dr. W.J.A. Visser. 260 $aTorino :$bS.A.I.E.,$cstampa 1959. 300 $aXV, 574 p., [14] p. di tav. ;$c27 cm. 650 4$aEuropa - Civiltą - Storia.$0(OLS)http://semarc/subject/28402 650 4$aArte - Europa - Storia.$0(OLS)http://semarc/subject/28403 650 4$aLetteratura europea - Storia.$0(OLS)http://semarc/subject/26541 850 $aSeMil 852 $aSeMil$W1$xVenegono$y1$m2R V 147$j97957$B97957$CSeMilBibl$Z2$F105831 $81 996 $6245$aLa cultura del nostro occidente$9(OLS)http://semarc/title/212293 996 $6260$aTorino :$bS.A.I.E.$9(OLS)http://semarc/publisher/30038 LEADER 00981nam a2200217 i 4500 001 000000182094 003 CaOOAMICUS 005 20091010000000.0 008 091010s1939 it u000 u ita u 013 $a160030 040 $aSeMil$bita 100 1 $aGalassi Paluzzi, Carlo.$0(OLS)http://semarc/name/5722 245 12$aL'attivitą dell'Istituto di Studi Romani :$bdurante l'Anno Accademico 1938-39-[17.] /$cC. Galassi Paluzzi ; Istituto di Studi Romani. 260 $aRoma :$b[s.n.],$c1939. 300 $a70 p. ;$c27 cm. 650 4$aRoma - Istituto di Studi Romani.$0(OLS)http://semarc/subject/4142 710 0 $aIstituto di Studi Romani.$0(OLS)http://semarc/name/966 850 $aSeMil 852 $aSeMil$W1$xVenegono$y1$m3D V 105$j132798$B132798$CSeMilBibl$Z2$F144627 $81 996 $6245$aL'attivitą dell'Istituto di Studi Romani :$bdurante l'Anno Accademico 1938-39-[17.]$9(OLS)http://semarc/title/261325 996 $6260$aRoma :$b[s.n.]$9(OLS)http://semarc/publisher/29738